[Event "Marten-Bövinghausen 1 - SKG. Kupferdreh"]
[Site "Verbandsklasse - Gruppe 2 201"]
[Date "2018.11.04"]
[Round "3.5"]
[White "Bauriedel, Friedrich"]
[Black "Schulte, Eduard"]
[Result "1/2-1/2"]
[WhiteElo "1838"]
[BlackElo "1740"]
[PlyCount "41"]
[EventDate "2018.??.??"]

1. d4 d5 2. e3 Bf5 3. Bd3 Bg6 4. f4 e6 5. Nf3 Nf6 6. O-O c6 7. Qe2 Bxd3 8. Qxd3
Ne4 9. Nbd2 f5 10. c4 Nd7 11. b3 Be7 12. Bb2 O-O 13. Rac1 Ndf6 14. Ne5 Nxd2 15.
Qxd2 Bd6 16. Qe2 a6 17. Rc2 Ne4 18. Bc3 Bxe5 19. fxe5 Rf7 20. cxd5 cxd5 21.
Rfc1 1/2-1/2

[Event "Marten-Bövinghausen 1 - SKG. Kupferdreh"]
[Site "Verbandsklasse - Gruppe 2 201"]
[Date "2018.11.04"]
[Round "3.6"]
[White "Davydov, Boris"]
[Black "Schaefer, Johannes"]
[Result "1/2-1/2"]
[WhiteElo "1710"]
[BlackElo "1667"]
[PlyCount "117"]
[EventDate "2018.??.??"]

1. d4 c5 2. Nf3 cxd4 3. Nxd4 g6 4. e4 Bg7 5. Be3 Nc6 6. Nxc6 bxc6 7. Bd4 Qa5+
8. Bc3 Bxc3+ 9. Nxc3 Nf6 10. Bd3 Rb8 11. Qc1 O-O 12. O-O Ba6 13. Bxa6 Qxa6 14.
e5 Nd5 15. Ne4 Qc4 16. Re1 Qd4 17. c4 Nb6 18. Nd2 f6 19. Re4 Qd3 20. Re3 Qf5
21. Nf3 Qf4 22. b3 a5 23. Qc2 f5 24. Rd1 c5 25. Ne1 Rfc8 26. Nd3 Qh6 27. f4 Qf8
28. Ne1 Qf7 29. Nf3 h6 30. Nh4 Kh7 31. Qf2 Rg8 32. Rh3 Rbc8 33. Nf3 Kg7 34. Qb2
Qe6 35. Qd2 Ra8 36. Qe3 Rac8 37. Ne1 Rc7 38. Nd3 Rgc8 39. Qf2 Qf7 40. Re3 Qe6
41. Ne1 Ra8 42. Nf3 Rac8 43. h4 Kh7 44. Nd2 Ra8 45. Nf1 a4 46. Red3 axb3 47.
axb3 Qc6 48. Ne3 Rca7 49. Nd5 Nxd5 50. Rxd5 Rc7 51. Qd2 Raa7 52. Qd3 Rcb7 53.
h5 Qb6 54. hxg6+ Kxg6 55. Rb1 e6 56. Qg3+ Kh7 57. Rd6 Qd8 58. Qd3 Qh4 59. Qh3
1/2-1/2

[Event "Marten-Bövinghausen 1 - SKG. Kupferdreh"]
[Site "Verbandsklasse - Gruppe 2 201"]
[Date "2018.11.04"]
[Round "3.7"]
[White "Wuthcke, Dieter"]
[Black "Gielisch, Ulrich"]
[Result "1/2-1/2"]
[WhiteElo "1753"]
[BlackElo "1661"]
[Annotator "Daniel"]
[PlyCount "71"]
[EventDate "2018.??.??"]

1. d4 d5 2. c4 e6 3. Nf3 Nf6 4. e3 c6 5. a3 Bd6 6. Nbd2 O-O 7. b4 Re8 8. Bb2
Nbd7 9. Be2 e5 10. dxe5 Nxe5 11. O-O Bf5 12. Qb3 Qe7 13. Rad1 Nxf3+ 14. Nxf3
Rad8 15. Rfe1 Be4 16. h3 Bc7 17. Bd4 dxc4 18. Qxc4 a6 19. Qc3 Nd5 20. Qb2 f6
21. Bc5 Bd6 $11 22. Bxd6 Rxd6 23. Nd2 Red8 24. Nxe4 Qxe4 25. Bf3 Qe7 26. Qb3
Kf8 27. Rd4 Nc7 28. Rh4 h6 29. Re4 Qf7 30. Qc3 Nb5 31. Qc1 g6 32. a4 Nc7 33.
Qc5 Ne6 34. Qc3 Ng5 35. Rf4 Nxf3+ 36. Rxf3 1/2-1/2

[Event "Marten-Bövinghausen 1 - SKG. Kupferdreh"]
[Site "Verbandsklasse - Gruppe 2 201"]
[Date "2018.11.04"]
[Round "3.8"]
[White "Ahlich, Mike"]
[Black "Temming, Markus"]
[Result "1-0"]
[WhiteElo "1721"]
[BlackElo "1641"]
[PlyCount "49"]
[EventDate "2018.??.??"]

1. d4 Nf6 2. c4 c5 3. d5 b5 4. cxb5 a6 5. Nc3 axb5 6. e4 d6 7. Bxb5+ Bd7 8. Qe2
Qa5 9. Nf3 Qb4 10. O-O Bxb5 11. Qxb5+ Qxb5 12. Nxb5 Na6 13. Re1 Kd7 14. Bd2 h6
15. Bc3 Rg8 16. Rad1 Nc7 17. Nxc7 Kxc7 18. a3 Nd7 19. e5 g6 20. e6 fxe6 21.
Rxe6 Nb6 22. Nh4 Kd7 23. Rxg6 Rxg6 24. Nxg6 Ra4 25. Nxf8+ 1-0

[Event "SV Kamen 2 - FS Dortmund 1"]
[Site "Verbandsklasse - Gruppe 2 201"]
[Date "2018.11.04"]
[Round "3.1"]
[White "Reichmann, Oleg"]
[Black "Georg, Felix"]
[Result "1-0"]
[WhiteElo "2024"]
[BlackElo "1989"]
[PlyCount "63"]
[EventDate "2018.??.??"]

1. d4 Nf6 2. Nf3 d5 3. c4 c6 4. e3 Bf5 5. Nc3 e6 6. Be2 dxc4 7. Bxc4 Bd6 8. Qe2
Ne4 9. Nd2 Nxd2 10. Bxd2 e5 11. e4 Be6 12. Bxe6 fxe6 13. dxe5 Bc7 14. Qh5+ g6
15. Qg4 Bxe5 16. Qxe6+ Qe7 17. Qc8+ Kf7 18. Qg4 h5 19. Qe2 Na6 20. f4 Bc7 21.
O-O Rhe8 22. f5 Qe5 23. fxg6+ Kxg6 24. Bf4 Qxf4 25. Rxf4 Bxf4 26. g3 Be5 27.
Rf1 Rad8 28. Rf5 Bd4+ 29. Kg2 Rh8 30. Qc4 Bf6 31. Qe6 Rhf8 32. e5 1-0

[Event "SV Kamen 2 - FS Dortmund 1"]
[Site "Verbandsklasse - Gruppe 2 201"]
[Date "2018.11.04"]
[Round "3.2"]
[White "Neumann, Carsten"]
[Black "Hein, Erwin"]
[Result "0-1"]
[WhiteElo "2002"]
[BlackElo "2001"]
[PlyCount "64"]
[EventDate "2018.??.??"]

1. Nf3 d5 2. g3 Nf6 3. Bg2 c5 4. d3 Nc6 5. O-O e6 6. Nbd2 Be7 7. e4 O-O 8. Qe2
Qc7 9. e5 Nd7 10. Re1 Nb4 11. Nf1 d4 12. g4 Rb8 13. Ng3 b5 14. g5 Bb7 15. a3
Bxf3 16. Bxf3 Nc6 17. Bf4 Rfc8 18. Rac1 c4 19. Nf5 Bc5 20. b4 exf5 21. e6 Bd6
22. exf7+ Kf8 23. Qe6 Bxf4 24. Bxc6 Ne5 25. Bd5 Nxf7 26. Rcd1 cxd3 27. cxd3
Bxg5 28. Qxf5 g6 29. Qg4 Qf4 30. Qh3 Bh4 31. Re4 Qxf2+ 32. Kh1 Ng5 0-1

[Event "SV Kamen 2 - FS Dortmund 1"]
[Site "Verbandsklasse - Gruppe 2 201"]
[Date "2018.11.04"]
[Round "3.3"]
[White "Khess, Igor"]
[Black "Koch, Marcel"]
[Result "1-0"]
[WhiteElo "1959"]
[BlackElo "1917"]
[PlyCount "74"]
[EventDate "2018.??.??"]

1. e4 d5 2. exd5 Qxd5 3. Nc3 Qa5 4. d4 Nf6 5. Bc4 Bf5 6. Nge2 e6 7. O-O Nbd7 8.
Ng3 Bg6 9. Bf4 c6 10. a3 Qd8 11. Bd3 Bxd3 12. Qxd3 Nb6 13. Nce4 Be7 14. c4 O-O
15. Rfd1 Qd7 16. Nxf6+ Bxf6 17. Ne4 Be7 18. b3 Rad8 19. Qc2 Nc8 20. Rd3 f5 21.
Nd2 g5 22. Be5 Bf6 23. Bxf6 Rxf6 24. Nf3 g4 25. Ne5 Qe7 26. Qd2 Nd6 27. Re1 Nf7
28. a4 Nxe5 29. Rxe5 Rg6 30. Qe3 Qd6 31. g3 a6 32. d5 cxd5 33. cxd5 Qd7 34. Kf1
Kf8 35. Qf4 Qd6 36. Rd2 Ke7 37. Rde2 Kf7 1-0

[Event "SV Kamen 2 - FS Dortmund 1"]
[Site "Verbandsklasse - Gruppe 2 201"]
[Date "2018.11.04"]
[Round "3.4"]
[White "Traunecker, Thomas"]
[Black "Brendemuehl, Bernd"]
[Result "0-1"]
[WhiteElo "1871"]
[BlackElo "1886"]
[Annotator "Daniel"]
[PlyCount "128"]
[EventDate "2018.??.??"]

1. e4 c5 2. Nf3 d6 3. Bb5+ Bd7 4. c4 Nc6 5. O-O Nf6 6. Nc3 g6 7. Re1 Bg7 8. d4
cxd4 9. Nxd4 O-O 10. Nc2 Rc8 11. Ne3 a6 12. Bxc6 Bxc6 13. f3 b5 14. cxb5 axb5
15. Qb3 Qd7 16. Kh1 Qb7 17. Ned5 e6 18. Nb4 Rb8 19. Bf4 Rfd8 20. Rad1 Ne8 21.
Bg3 Bf6 22. Nxc6 Qxc6 23. e5 dxe5 24. Rxd8 Rxd8 25. Nxb5 Rb8 26. a4 Nd6 27. Qe3
Nxb5 28. Rc1 Qd5 29. axb5 Qxb5 30. Re1 $11 Qxb2 31. h4 Rb4 32. Kh2 Qd4 33. Qh6
Qd8 34. h5 Bg7 35. Qc1 gxh5 36. Rd1 Rd4 37. Re1 Rd2 38. Re4 Bf6 39. Qe1 Rd1 40.
Qe2 Qd3 41. Qf2 Qb1 42. Kh3 Rf1 43. Qd2 Rh1+ 44. Bh2 Qg1 45. g4 h4 46. Qg2
Qxg2+ 47. Kxg2 Rd1 48. Bxe5 Bxe5 49. Rxe5 Rd2+ 50. Kh3 Rd3 51. Kg2 h3+ 52. Kg3
h2 53. Rg5+ Kh8 54. Rh5 Rd2 55. Kf4 Re2 56. Rh3 f6 57. g5 fxg5+ 58. Kxg5 Kg7
59. Kf4 Rg2 60. Ke4 Kg6 61. Kf4 h5 62. Rh4 Re2 63. Kg3 e5 64. f4 e4 0-1

[Event "SV Kamen 2 - FS Dortmund 1"]
[Site "Verbandsklasse - Gruppe 2 201"]
[Date "2018.11.04"]
[Round "3.5"]
[White "Lauche, Christoph"]
[Black "Spaeh, Jan Lukas"]
[Result "0-1"]
[WhiteElo "1834"]
[BlackElo "1812"]
[Annotator "Daniel"]
[PlyCount "70"]
[EventDate "2018.??.??"]

1. e4 c5 2. a3 g6 3. b4 Bg7 4. Nc3 Nf6 5. Rb1 d5 6. exd5 cxb4 7. axb4 Nxd5 8.
Nxd5 Qxd5 9. Nf3 O-O 10. Be2 e5 $11 11. d3 Nc6 12. c4 Qd6 13. O-O Bf5 14. b5
Ne7 15. Qb3 e4 16. Ba3 Qe6 17. Ng5 Qe5 18. Nxe4 Bxe4 19. dxe4 f5 20. Bb2 Qc5
21. exf5 Nxf5 22. Bxg7 Kxg7 23. Bf3 Nd4 24. Qc3 Rxf3 25. gxf3 Kg8 26. Qe3 Rf8
27. Kh1 Rxf3 28. Qe4 Rf5 29. Rbd1 Nf3 30. Qxb7 Qf8 31. Rd3 Ng5 32. Rd5 Rf7 33.
Qc6 Rc7 34. Qxc7 Qf3+ 35. Kg1 Nh3# 0-1

[Event "SV Kamen 2 - FS Dortmund 1"]
[Site "Verbandsklasse - Gruppe 2 201"]
[Date "2018.11.04"]
[Round "3.7"]
[White "Jost, Udo"]
[Black "Rotter, Chris"]
[Result "0-1"]
[WhiteElo "1753"]
[BlackElo "1711"]
[PlyCount "76"]
[EventDate "2018.??.??"]

1. e4 e6 2. Nf3 d5 3. e5 c5 4. b4 cxb4 5. d4 Nc6 6. a3 Bd7 7. axb4 Nxb4 8. c3
Nc6 9. Bd3 h6 10. O-O Na5 11. Na3 a6 12. Nd2 b5 13. f4 Ne7 14. Rf3 Qc7 15. Bf1
Nc4 16. Nb3 Nc8 17. Rg3 h5 18. Nxc4 dxc4 19. Na5 Nb6 20. Ba3 Bxa3 21. Rxa3 g6
22. Qb1 Na4 23. Qb4 Ra7 24. Rxa4 bxa4 25. Nxc4 Bc6 26. Nd6+ Kd7 27. Nxf7 Rb8
28. Qa3 Be4 29. Qxa4+ Qc6 30. Qa5 Rab7 31. Nd6 Rb1 32. Nxe4 Qxe4 33. Qxa6 Rxf1+
34. Kxf1 Rb1+ 35. Kf2 Qe1+ 36. Kf3 Qxc3+ 37. Kf2 Rb2+ 38. Kg1 Qxd4+ 0-1

[Event "SV Kamen 2 - FS Dortmund 1"]
[Site "Verbandsklasse - Gruppe 2 201"]
[Date "2018.11.04"]
[Round "3.8"]
[White "Markert, Dirk"]
[Black "Potyrala, Lukasz-Rafal"]
[Result "1-0"]
[WhiteElo "1838"]
[BlackElo "1619"]
[Annotator "Daniel"]
[PlyCount "71"]
[EventDate "2018.??.??"]

1. e4 e6 2. d4 d5 3. Nd2 c5 4. Ngf3 Bd7 5. c3 Nc6 6. Bd3 cxd4 7. cxd4 dxe4 8.
Nxe4 Nf6 9. a3 Rc8 10. Qe2 Nxe4 11. Qxe4 Be7 12. O-O Na5 13. Bf4 Bc6 14. Qe2
Nb3 15. Rad1 Nxd4 16. Nxd4 Qxd4 17. Be3 Qd5 $11 18. Qg4 Bf6 19. Rfe1 h5 20. Qh3
g5 21. Bf1 g4 22. Qg3 Qa5 23. Bd2 Qc7 24. Bf4 Qb6 25. Be5 Bxe5 26. Qxe5 Ke7 $11
27. Qg5+ Kf8 28. Qf6 Rh7 29. Rxe6 Qc7 30. Red6 Qe7 31. Qf5 Kg7 32. Qxc8 g3 33.
hxg3 h4 34. Qg4+ Kf8 35. Rd8+ Be8 36. Bb5 1-0

[Event "SG Bochum 4 - SC Gerthe - Werne 1"]
[Site "Verbandsklasse - Gruppe 2 201"]
[Date "2018.11.04"]
[Round "3.1"]
[White "Quast, Marcel"]
[Black "Walny, Benjamin"]
[Result "1-0"]
[WhiteElo "2205"]
[BlackElo "1739"]
[Annotator "Daniel"]
[PlyCount "77"]
[EventDate "2018.??.??"]

1. e4 c5 2. c3 Nf6 3. e5 Nd5 4. d4 cxd4 5. Nf3 Nc6 6. Bc4 Nb6 7. Bb3 d6 8. exd6
Qxd6 9. O-O Be6 10. Na3 dxc3 11. Bxe6 Qxd1 12. Rxd1 fxe6 13. bxc3 Na4 14. Nb5
Rc8 15. Bf4 h6 16. h4 g6 17. Nc7+ Kf7 18. Ne5+ Nxe5 19. Bxe5 Rh7 20. Rd3 Bg7
$11 21. Bxg7 Rxc7 22. Bd4 g5 23. h5 b6 24. g4 Ke8 25. Re1 Rc6 26. Kg2 Rf7 27.
Re2 Rd6 28. Rde3 Kd7 29. Kg3 Nc5 30. Rb2 Kc6 31. Rbe2 Kd7 32. Re1 e5 33. Bxe5
Nd3 34. Bxd6 Nxe1 35. Be5 Nc2 36. Re4 Kc6 37. f4 Kd5 38. Re2 gxf4+ 39. Bxf4 1-0

[Event "SG Bochum 4 - SC Gerthe - Werne 1"]
[Site "Verbandsklasse - Gruppe 2 201"]
[Date "2018.11.04"]
[Round "3.2"]
[White "Jung, Benn"]
[Black "Brueggestraß, Volker"]
[Result "0-1"]
[WhiteElo "1699"]
[BlackElo "2017"]
[PlyCount "110"]
[EventDate "2018.??.??"]

1. e4 e5 2. Nf3 Nf6 3. d4 Nxe4 4. Bd3 d5 5. dxe5 Nc6 6. Bxe4 dxe4 7. Qxd8+ Kxd8
8. Ng5 Nxe5 9. Nxe4 Bf5 10. Nbd2 Bb4 11. c3 Ba5 12. O-O Re8 13. Rd1 Ke7 14. Ng3
Bc2 15. Re1 Kf8 16. b4 Bb6 17. Ba3 Ng4 18. Nh1 Ne5 19. c4 Bd4 20. Rac1 Bg6 21.
Nb3 Nd3 22. Rxe8+ Rxe8 23. Rf1 Bb2 24. Bxb2 Nxb2 25. c5 Re4 26. a3 Nc4 27. Ng3
Re6 28. a4 Re7 29. Nd4 Rd7 30. Ndf5 Rd5 31. Ne3 Nxe3 32. fxe3 Bc2 33. Ra1 Rd3
34. Kf2 Rb3 35. Ra2 Bb1 36. Rd2 Rxb4 37. Rd4 Rxd4 38. exd4 Ke7 39. a5 Ke6 40.
Nh5 Kd5 41. Ke3 g5 42. Nf6+ Kc4 43. Ne8 Kb5 44. Nxc7+ Kxa5 45. d5 Kb4 46. Kd4
Bf5 47. d6 a5 48. Nd5+ Kb3 49. Nb6 a4 50. d7 Bxd7 51. Nxd7 a3 52. c6 bxc6 53.
Nc5+ Kc2 54. Kc4 a2 55. Nb3 f5 0-1

[Event "SG Bochum 4 - SC Gerthe - Werne 1"]
[Site "Verbandsklasse - Gruppe 2 201"]
[Date "2018.11.04"]
[Round "3.3"]
[White "Gottmann, Bernd"]
[Black "Stachnik, Adam"]
[Result "1-0"]
[WhiteElo "1952"]
[BlackElo "1785"]
[PlyCount "49"]
[EventDate "2018.??.??"]

1. d4 Nf6 2. c4 e6 3. Nc3 b6 4. e4 d6 5. Nf3 Bb7 6. Bd3 Be7 7. O-O O-O 8. Bg5
h6 9. Bh4 Nbd7 10. Qc2 e5 11. Rad1 exd4 12. Nxd4 Nc5 13. Nf5 Kh8 14. Rfe1 Nxd3
15. Qxd3 Ng8 16. Nxe7 Nxe7 17. e5 f6 18. exf6 gxf6 19. Re6 Kg7 20. Rde1 Ng6 21.
Qg3 Kh7 22. Nd5 Bxd5 23. cxd5 Rc8 24. Qg4 Nxh4 25. Re7+ 1-0

[Event "SG Bochum 4 - SC Gerthe - Werne 1"]
[Site "Verbandsklasse - Gruppe 2 201"]
[Date "2018.11.04"]
[Round "3.4"]
[White "Butschek, Gerhard"]
[Black "Berens, Thomas"]
[Result "1/2-1/2"]
[WhiteElo "1680"]
[BlackElo "1830"]
[Annotator "Daniel"]
[PlyCount "148"]
[EventDate "2018.??.??"]

1. g3 Nf6 2. Bg2 g6 3. Nf3 Bg7 4. O-O c5 5. Nc3 Nc6 6. d3 O-O 7. e4 d5 8. Nh4
dxe4 9. Nxe4 Nxe4 10. dxe4 Be6 11. c3 Qa5 12. Qc2 Rad8 13. Be3 Ne5 14. f4 Nc4
15. Bc1 Bc8 16. e5 $11 h5 17. b3 Na3 18. Bxa3 Qxa3 19. Rad1 Qa5 20. Bd5 e6 21.
Bc4 Rxd1 22. Rxd1 Rd8 23. Rxd8+ Qxd8 24. Qd3 Qxd3 25. Bxd3 Kf8 26. a4 Ke8 27.
Nxg6 fxg6 28. Bxg6+ Ke7 29. Bxh5 Bd7 30. Bf3 b5 31. axb5 Bxb5 32. Kf2 a5 33.
Ke3 a4 34. bxa4 Bxa4 35. Be2 Kf7 36. g4 Bf8 37. h4 Be7 38. g5 Bc2 39. h5 Bf8
40. Bc4 Bf5 41. Kf3 Kg7 42. Ke3 Bg4 43. Be2 Bf5 44. Bf3 Kf7 $11 45. Kf2 Be7 46.
Kg3 Bf8 47. Bg4 Be4 48. Kf2 Bd5 49. Ke3 Bc4 50. Be2 Bd5 51. Bd3 Bg7 52. h6 Bf8
53. g6+ Ke7 54. g7 Bxg7 55. hxg7 Kf7 56. f5 exf5 57. g8=Q+ Kxg8 58. Kf4 Kf7 59.
Bxf5 Ke7 60. Kg5 Bc4 61. Kf4 Bd5 62. Ke3 Bc4 63. Bd3 Bd5 64. Bb5 Ke6 65. Kf4
Bg2 66. Ba6 Bd5 67. Bc8+ Ke7 68. Ke3 Bc4 69. Kd2 Be6 70. Bxe6 Kxe6 71. Kd3 Kxe5
72. Ke3 c4 73. Kf3 Kf5 74. Ke3 Ke5 1/2-1/2

[Event "SG Bochum 4 - SC Gerthe - Werne 1"]
[Site "Verbandsklasse - Gruppe 2 201"]
[Date "2018.11.04"]
[Round "3.5"]
[White "Loeffelbein, Klaus"]
[Black "Mazarov, Paul"]
[Result "1/2-1/2"]
[WhiteElo "1847"]
[BlackElo "1648"]
[PlyCount "44"]
[EventDate "2018.??.??"]

1. d4 d5 2. c4 dxc4 3. e4 e5 4. Nf3 exd4 5. Bxc4 Bb4+ 6. Bd2 Bxd2+ 7. Nbxd2 Nh6
8. Nb3 O-O 9. O-O Bg4 10. Nbxd4 Nd7 11. Qc2 c5 12. Nb5 a6 13. Nc3 Bxf3 14. gxf3
Ne5 15. Be2 Qf6 16. Nd5 Qh4 17. Qc3 Rae8 18. Kh1 Re6 19. Nc7 Re7 20. Nd5 Re6
21. Nc7 Re7 22. Nd5 Re6 1/2-1/2

[Event "SG Bochum 4 - SC Gerthe - Werne 1"]
[Site "Verbandsklasse - Gruppe 2 201"]
[Date "2018.11.04"]
[Round "3.6"]
[White "Gausmann, Thomas"]
[Black "Melmer, Felix"]
[Result "1-0"]
[WhiteElo "1620"]
[BlackElo "1851"]
[PlyCount "31"]
[EventDate "2018.??.??"]

1. e4 c5 2. Nc3 g6 3. f4 Bg7 4. Nf3 Nc6 5. Bb5 Nd4 6. Bc4 d6 7. O-O Bg4 8.
Bxf7+ Kxf7 9. Ng5+ Ke8 10. Qxg4 Nxc2 11. Rb1 Nh6 12. Qh3 Qc8 13. Ne6 Kf7 14. f5
Kg8 15. Nd5 Qd7 16. Nxg7 1-0

[Event "SG Bochum 4 - SC Gerthe - Werne 1"]
[Site "Verbandsklasse - Gruppe 2 201"]
[Date "2018.11.04"]
[Round "3.7"]
[White "Meise, Ulrich"]
[Black "Benning, Martin"]
[Result "1/2-1/2"]
[WhiteElo "1817"]
[BlackElo "1595"]
[PlyCount "80"]
[EventDate "2018.??.??"]

1. e4 c5 2. c3 e6 3. d4 cxd4 4. cxd4 Bb4+ 5. Nc3 Ne7 6. Nf3 O-O 7. Bd3 f5 8.
Bg5 Qa5 9. O-O Nbc6 10. Qb3 fxe4 11. Nxe4 Nf5 12. a3 Be7 13. Bxe7 Ncxe7 14.
Rac1 Nc6 15. Rc5 Qd8 16. d5 Ncd4 17. Nxd4 Nxd4 18. Qc4 d6 19. Rxc8 Nf3+ 20.
gxf3 Rxc8 21. Qb4 Rxf3 22. Qd2 Qh4 23. Ng3 e5 24. Qe2 Rcf8 25. Be4 R3f4 26. f3
Qg5 27. Qg2 Rh4 28. Re1 Rf6 29. Re2 Qc1+ 30. Qf1 Qg5 31. Rg2 Qe3+ 32. Kh1 Rxe4
33. Qb5 Ref4 34. Nh5 Qxf3 35. Nxf6+ Rxf6 36. Qe8+ Rf8 37. Qe6+ Kh8 38. Qxd6
Qf1+ 39. Rg1 Qf3+ 40. Rg2 Qf1+ 1/2-1/2

[Event "SG Bochum 4 - SC Gerthe - Werne 1"]
[Site "Verbandsklasse - Gruppe 2 201"]
[Date "2018.11.04"]
[Round "3.8"]
[White "Illner, Jan"]
[Black "Kalle, Yannis"]
[Result "0-1"]
[WhiteElo "1530"]
[BlackElo "1714"]
[PlyCount "80"]
[EventDate "2018.??.??"]

1. e4 Nf6 2. e5 Nd5 3. d4 d6 4. c4 Nb6 5. f4 dxe5 6. fxe5 Nc6 7. c5 Nd5 8. Nf3
Bg4 9. Bb5 Ndb4 10. O-O a6 11. Ba4 Qd7 12. Nc3 O-O-O 13. a3 Nd5 14. Bb3 Nxc3
15. bxc3 f6 16. exf6 gxf6 17. d5 Ne5 18. Nxe5 Bxd1 19. Nxd7 Bxb3 20. Nxf8 Rhxf8
21. Re1 Rf7 22. d6 cxd6 23. cxd6 Rxd6 24. Rb1 Bc4 25. Rb4 b5 26. a4 Rd3 27.
axb5 axb5 28. Bb2 e6 29. Re4 e5 30. Kf2 Rg7 31. g3 Rd2+ 32. Kg1 Rd1+ 33. Kf2
Rgd7 34. Rh4 f5 35. Rbxc4+ bxc4 36. Rxc4+ Kd8 37. Rb4 R7d2+ 38. Ke3 Rd3+ 39.
Ke2 R1d2+ 40. Ke1 Rxh2 0-1

[Event "SV Unser Fritz 1 - SW Oberhausen 1"]
[Site "Verbandsklasse - Gruppe 2 201"]
[Date "2018.11.04"]
[Round "3.1"]
[White "Puetter, Pascal"]
[Black "Mueller, Martin"]
[Result "0-1"]
[WhiteElo "1976"]
[BlackElo "2011"]
[PlyCount "68"]
[EventDate "2018.??.??"]

1. e4 d6 2. d4 Nf6 3. Nc3 Nbd7 4. Nf3 e5 5. Bc4 Be7 6. Bg5 c6 7. Bb3 h6 8. dxe5
dxe5 9. Bxf6 Bxf6 10. Qe2 Nc5 11. h3 Qe7 12. O-O-O b5 13. a3 Nxb3+ 14. cxb3 O-O
15. Na2 Be6 16. Rd3 a5 17. Kb1 c5 18. Re3 a4 19. Qxb5 Rfb8 20. Qe2 Bxb3 21. Nc1
Be6 22. Rc3 c4 23. Rd1 Qc5 24. Qe3 Qb5 25. Rd2 Bd8 26. g4 Bb6 27. Qe2 Ba5 28.
Rdc2 Bxc3 29. Rxc3 Ra7 30. Rc2 Rab7 31. Qd2 f6 32. Nh4 Qc5 33. Qc3 Qd4 34. Ne2
Qxe4 0-1

[Event "SV Unser Fritz 1 - SW Oberhausen 1"]
[Site "Verbandsklasse - Gruppe 2 201"]
[Date "2018.11.04"]
[Round "3.2"]
[White "Singbeil, Holger"]
[Black "Hortolani, Sven-Holger"]
[Result "1/2-1/2"]
[WhiteElo "1952"]
[BlackElo "2034"]
[Annotator "Daniel"]
[PlyCount "65"]
[EventDate "2018.??.??"]

1. Nf3 Nf6 2. g3 g6 3. Bg2 Bg7 4. O-O O-O 5. c4 c6 6. Nc3 d5 7. cxd5 cxd5 8. d4
Nc6 9. Bf4 Ne4 10. Ne5 Nxc3 11. bxc3 Nxe5 12. dxe5 Be6 13. Rb1 Qa5 14. Rxb7
Qxc3 15. Rxe7 Bxe5 16. Bxe5 $11 Qxe5 17. Qa4 a5 18. Rd1 Qxe2 19. Bh3 Qb2 20.
Bxe6 fxe6 21. Rf1 Qf6 22. Qd7 Rf7 23. Rxe6 Qxf2+ 24. Rxf2 Rxd7 25. Rd2 d4 26.
Re4 Rb8 27. Kf2 Rb4 28. Ke2 a4 29. Kd3 a3 30. g4 Kg7 31. h4 h6 32. Rf4 Rd6 33.
Rdf2 1/2-1/2

[Event "SV Unser Fritz 1 - SW Oberhausen 1"]
[Site "Verbandsklasse - Gruppe 2 201"]
[Date "2018.11.04"]
[Round "3.3"]
[White "Schwerdtfeger, Joachim"]
[Black "Jungbluth, Michael"]
[Result "0-1"]
[WhiteElo "1896"]
[BlackElo "1929"]
[PlyCount "32"]
[EventDate "2018.??.??"]

1. e4 d6 2. d4 Nf6 3. Nc3 g6 4. Nf3 Bg7 5. Be2 O-O 6. O-O Bg4 7. Be3 Nc6 8. Qd2
e5 9. dxe5 dxe5 10. Rad1 Qc8 11. h3 Rd8 12. Qc1 Bxf3 13. Rxd8+ Qxd8 14. Rd1 Nd4
15. Bxd4 Bxe2 16. Nxe2 exd4 0-1

[Event "SV Unser Fritz 1 - SW Oberhausen 1"]
[Site "Verbandsklasse - Gruppe 2 201"]
[Date "2018.11.04"]
[Round "3.4"]
[White "Distelrath, Oliver"]
[Black "Kuckelkorn, Joerg"]
[Result "1-0"]
[WhiteElo "1855"]
[BlackElo "1869"]
[PlyCount "45"]
[EventDate "2018.??.??"]

1. e4 c5 2. Nc3 e6 3. f4 d5 4. Nf3 Nc6 5. Bb5 Nge7 6. O-O d4 7. Nb1 Bd7 8. d3
Qb6 9. a4 Ng6 10. f5 exf5 11. exf5 Bxf5 12. Ng5 Nge7 13. Nxf7 Kxf7 14. g4 g6
15. gxf5 Nxf5 16. Rxf5+ gxf5 17. Qh5+ Kf6 18. Qg5+ Ke6 19. Bc4+ Kd7 20. Qxf5+
Kc7 21. Bf4+ Bd6 22. Qf7+ Kd8 23. Bxd6 1-0

[Event "SV Unser Fritz 1 - SW Oberhausen 1"]
[Site "Verbandsklasse - Gruppe 2 201"]
[Date "2018.11.04"]
[Round "3.5"]
[White "Matthes, Severin Johannes"]
[Black "Mikulski, Georg"]
[Result "0-1"]
[WhiteElo "1826"]
[BlackElo "1903"]
[Annotator "Daniel"]
[PlyCount "36"]
[EventDate "2018.??.??"]

1. e4 e5 2. Nf3 Nc6 3. Bb5 a6 4. Ba4 Nf6 5. O-O Nxe4 6. Re1 Nc5 7. Bxc6 dxc6 8.
d4 Ne6 9. Nxe5 Be7 10. Be3 O-O 11. Nc3 Bf6 12. Ne4 c5 $11 13. Nxf6+ Qxf6 14.
Ng4 Qf5 15. dxc5 h5 16. Nh6+ gxh6 17. Bxh6 Re8 18. Qd2 Kh7 0-1

[Event "SV Unser Fritz 1 - SW Oberhausen 1"]
[Site "Verbandsklasse - Gruppe 2 201"]
[Date "2018.11.04"]
[Round "3.6"]
[White "Goessling, Juergen"]
[Black "Matthies, Jochen"]
[Result "1-0"]
[WhiteElo "1723"]
[BlackElo "1781"]
[PlyCount "49"]
[EventDate "2018.??.??"]

1. e4 d6 2. d4 Nf6 3. Nc3 Nbd7 4. Nf3 e5 5. Bc4 Be7 6. O-O O-O 7. h3 c6 8. a3
b5 9. Ba2 Bb7 10. Qe2 exd4 11. Nxd4 Re8 12. Bf4 Ne5 13. Rad1 Qc7 14. Nf5 Bf8
15. Bg5 Ned7 16. Rfe1 d5 17. Qd2 dxe4 18. Bf4 Qb6 19. Bd6 c5 20. Bxf8 Nxf8 21.
Qg5 Ng6 22. Rd6 Qc7 23. Rxf6 Qd8 24. Bxf7+ Kh8 25. Rxg6 1-0

[Event "SV Unser Fritz 1 - SW Oberhausen 1"]
[Site "Verbandsklasse - Gruppe 2 201"]
[Date "2018.11.04"]
[Round "3.7"]
[White "Kyas, Jens-Stefan"]
[Black "Elsner, Mario"]
[Result "1-0"]
[WhiteElo "1810"]
[BlackElo "1794"]
[PlyCount "103"]
[EventDate "2018.??.??"]

1. f4 g6 2. Nf3 Bg7 3. e3 c5 4. d4 cxd4 5. exd4 d5 6. c3 Bg4 7. Nbd2 Nf6 8. Bd3
O-O 9. O-O Qd6 10. Qc2 Nc6 11. Ne5 e6 12. h3 Bf5 13. g4 Bxd3 14. Qxd3 Rac8 15.
b3 Rc7 16. Bb2 Rfc8 17. Rac1 a6 18. c4 Rd8 19. c5 Qe7 20. Nxc6 Rxc6 21. b4 b5
22. Ra1 Ra8 23. a4 bxa4 24. Rxa4 Qb7 25. Rfa1 Rcc8 26. Rxa6 Rxa6 27. Qxa6 Qc7
28. Qf1 Nd7 29. Nb3 Nf6 30. b5 Ne4 31. b6 Qb8 32. Ra2 g5 33. Bc1 Bh6 34. Qa6
gxf4 35. Qa7 Nc3 36. Qxb8 Rxb8 37. Rf2 Ne4 38. Bxf4 Bxf4 39. Rxf4 Kf8 40. Na5
Ke8 41. b7 f6 42. Rxe4 dxe4 43. Kf2 f5 44. gxf5 exf5 45. c6 Kd8 46. d5 Kc7 47.
Nc4 f4 48. Ne5 Re8 49. Nd7 Rd8 50. Nc5 e3+ 51. Ke1 Rxd5 52. Na6+ 1-0

[Event "SV Unser Fritz 1 - SW Oberhausen 1"]
[Site "Verbandsklasse - Gruppe 2 201"]
[Date "2018.11.04"]
[Round "3.8"]
[White "Tober, Julian"]
[Black "Zimmer, Javier Miguel"]
[Result "1/2-1/2"]
[WhiteElo "1718"]
[BlackElo "1727"]
[PlyCount "104"]
[EventDate "2018.??.??"]

1. e4 c5 2. Nf3 d6 3. d4 cxd4 4. Nxd4 Nf6 5. Nc3 a6 6. Be3 e5 7. Nb3 Be6 8. Be2
Nbd7 9. O-O Be7 10. f3 b5 11. Kh1 Rc8 12. Nd5 Nxd5 13. exd5 Bf5 14. Rc1 O-O 15.
c4 b4 16. Nd2 Nc5 17. Bxc5 Rxc5 18. f4 exf4 19. Rxf4 Bg6 20. Bh5 Bg5 21. Rd4
Be3 22. Bxg6 Bxd4 23. Nb3 fxg6 24. Nxd4 Re8 25. Ne6 Rxe6 26. dxe6 Qe7 27. Qd2
a5 28. Re1 h6 29. b3 Rf5 30. h3 g5 31. Qd3 Rf2 32. Qd5 Rxa2 33. Qa8+ Kh7 34.
Qc6 g4 35. Qe4+ Kh8 36. Qxg4 Rf2 37. Qe4 Rf6 38. Qa8+ Kh7 39. Qxa5 Rxe6 40.
Rxe6 Qxe6 41. Qxb4 Qe5 42. Qd2 Qa1+ 43. Kh2 Qe5+ 44. g3 Qc5 45. Qd3+ Kh8 46. h4
Qf2+ 47. Kh3 h5 48. Qe4 Qf1+ 49. Kh2 Qf2+ 50. Qg2 Qc5 51. Qe2 Kh7 52. Qc2+ g6
1/2-1/2